Get the Picture: Predator vs. Prey (Big Cats) Quiz Stats

 Plays Quiz Updated Jun 9, 2019

Score 0/16 Timer 02:00
0 Plays Today
Question Answer Wrong Answers
Giraffe Lion
90.6%
Tiger
3.3%
Jaguar
2.1%
Snow Leopard
0.2%
Plains Zebra Lion
89.6%
Tiger
3.4%
Jaguar
2.8%
Snow Leopard
0.3%
Blue Wildebeest Lion
86.8%
Tiger
5.2%
Jaguar
3.7%
Snow Leopard
0.5%
Cape Buffalo Lion
83.3%
Tiger
7%
Jaguar
4.6%
Snow Leopard
0.9%
Siberian Ibex Snow Leopard
81.6%
Lion
1.9%
Tiger
11.2%
Jaguar
1.3%
Tibetan Snowcock Snow Leopard
81.6%
Lion
1.8%
Tiger
8%
Jaguar
4.3%
Three-Toed Sloth Jaguar
74.4%
Lion
4.3%
Tiger
13.1%
Snow Leopard
3.8%
South American Tapir Jaguar
73.9%
Lion
9.2%
Tiger
11.1%
Snow Leopard
1.9%
Capybara Jaguar
73.8%
Lion
6.8%
Tiger
12.7%
Snow Leopard
2.9%
Indian Boar Tiger
72.6%
Lion
13.3%
Jaguar
7.9%
Snow Leopard
2.4%
Himalayan Tahr Snow Leopard
71.5%
Lion
3.1%
Tiger
16.4%
Jaguar
5.2%
Malayan Tapir Tiger
63.8%
Lion
5.2%
Jaguar
22.5%
Snow Leopard
4.9%
Sambar Deer Tiger
44.2%
Lion
8.1%
Jaguar
18.3%
Snow Leopard
25.2%
Marsh Deer Jaguar
38.5%
Lion
13.8%
Tiger
30.3%
Snow Leopard
13.1%
Markhor Snow Leopard
38%
Lion
13.7%
Tiger
28.5%
Jaguar
15.6%
Water Buffalo Tiger
30.5%
Lion
59.6%
Jaguar
5%
Snow Leopard
1.2%

Today's Daily Dose

Missing Word
Banned Books (A-Z)

Word Ladder
Janis Joplin

Get the Picture
Occupations

You're not logged in!

Compare scores with friends on all Sporcle quizzes.
OR
Log In

Sporcle TV

Today on Sporcle TV


Watch our educational content, quiz creation guides, and fun videos on Sporcle TV.

Show Comments

Extras

Top Quizzes Today


Score Distribution

Your Account Isn't Verified!

In order to create a playlist on Sporcle, you need to verify the email address you used during registration. Go to your Sporcle Settings to finish the process.

Report this User

Report this user for behavior that violates our Community Guidelines.

Details: